00346nam a2200145Ia 45000030006000000080041000060400015000471000020000622450013000822500006000952600062001013000006001635460014001690050017001830STCL150530s9999 xx 000 0 und d aSTCLcSTCL aChatterji, S.K. aDravidam a1 bState Institute of Langauge; Trivandrumc1975aTrivandrum a0 aMalayalam20220125171721.0